000 00593nam a2200229Ia 4500
003 OSt
005 20221007072015.0
006 a|||||r|||| 00| 0
007 ta
008 221006b |||||||| |||| 00| 0 eng d
024 _a18,148
037 _cTextual
040 _aFLL
_cFLL
_beng
041 _2eng
_aeng
082 _aZvz7, E3
100 _aVinogradoff Paul
245 0 _aEssays in legal history
260 _aLondon
_bOxford University Press England
_c1913
300 _a396p
_ccm.
942 _hZvz7, E3
_cTEXL
_2CC
999 _c1144950
_d1144950